[Event "AUTO-BEG-218"]
[Site "http://www.queenalice.com/game.php?id=402414"]
[Date "2008.5.13"]
[Round "1"]
[White "maxtec5"]
[Black "punk"]
[Result "0-1"]
[WhiteElo "1238"]
[BlackElo "1212"]

1. d4 c5 2. dxc5 e5 3. Qd5 Nc6 4. Nf3 Nf6 5. Qd1 Bxc5 6. c3 O-O 7. Bg5 Qb6 8.
Bh4 Ng4 9. e3 e4 10. Nfd2 d5 11. Nb3 Be6 12. Be2 Nge5 13. Nxc5 Qxc5 14. Qb3 d4
15. Qa3 Qxa3 16. bxa3 d3 17. Bd1 Nc4 18. Nd2 N6a5 19. Nxe4 Nxa3 20. Bb3 Nxb3 21.
axb3 Nc2+ 22. Kd2 Nxa1 23. Rxa1 Bxb3 24. Kxd3 b6 25. Rb1 Be6 26. Ng5 Bf5+ 27. e4
Bg6 28. f4 Rfd8+ 29. Kc2 f6 30. Ne6 Rd7 31. f5 Bf7 32. g4 Re8 33. Rd1 Rxd1 34.
Kxd1 Bxe6 35. fxe6 Rxe6 36. Kc2 Rxe4 37. Kd3 Rxg4 38. Bf2 Rg2 39. Bd4 Rxh2 40.
Ke3 Kf7 41. Kf3 Ke6 42. Kg3 Rh5 43. c4 Rg5+ 44. Kh3 f5 0-1

[Event "AUTO-BEG-218"]
[Site "http://www.queenalice.com/game.php?id=402415"]
[Date "2008.5.13"]
[Round "1"]
[White "punk"]
[Black "maxtec5"]
[Result "1-0"]
[WhiteElo "1242"]
[BlackElo "1238"]

1. e4 e6 2. d4 Qh4 3. Bd3 Nf6 4. Nf3 Qg4 5. O-O Nxe4 6. Re1 d5 7. a3 Nd7 8. Nbd2
Nxd2 9. Bxd2 f5 10. c4 Nb6 11. h3 Qh5 12. c5 Nc4 13. Bxc4 dxc4 14. Ne5 Qxd1 15.
Raxd1 Bd7 16. Nxc4 Ba4 17. Rc1 Rd8 18. Bc3 g6 19. Rxe6+ Kf7 20. Rce1 Bd7 21.
R6e2 b5 22. Ne5+ Kg7 23. Nxd7 Kh6 24. Nxf8 Rdxf8 25. Re7 Kg5 26. Rxc7 Re8 27. d5
Rxe1+ 28. Bxe1 Re8 29. Kf1 Rd8 30. d6 Kf6 31. Bc3+ Ke6 32. Rxa7 h5 33. Rg7 Kd5
34. Bb4 Kc4 35. Rxg6 Kb3 36. c6 Kxb2 37. c7 Rc8 38. d7 Rxc7 39. d8=Q Rc1+ 40.
Ke2 Rc2+ 41. Kf3 Kc1 42. Qg5+ Kb1 43. Qxf5 Kb2 44. Rd6 1-0

[Event "AUTO-INT-911"]
[Site "http://www.queenalice.com/game.php?id=406803"]
[Date "2008.5.22"]
[Round "1"]
[White "grazo"]
[Black "maxtec5"]
[Result "1-0"]
[WhiteElo "1503"]
[BlackElo "1377"]

1. d4 e6 2. e4 Qh4 3. Bd3 Nf6 4. Qe2 Bb4+ 5. c3 Bf8 6. Nf3 Qh5 7. h3 Ng8 8. g4
Qg6 9. e5 f5 10. Nh4 Qf7 11. gxf5 exf5 12. Bxf5 g6 13. Be4 Be7 14. Nf3 d5 15.
exd6 Bxd6 16. Bxg6+ Ne7 17. Bxf7+ Kxf7 18. Ne5+ Ke8 19. Bg5 Nd7 20. Nc4 Rg8 21.
Nxd6+ Kf8 22. Qxe7# 1-0

[Event "AUTO-INT-911"]
[Site "http://www.queenalice.com/game.php?id=406804"]
[Date "2008.5.22"]
[Round "1"]
[White "maxtec5"]
[Black "grazo"]
[Result "0-1"]
[WhiteElo "1337"]
[BlackElo "1623"]

1. e3 e5 2. Qh5 Qf6 3. Bc4 g6 4. Qe2 Qc6 5. e4 f5 6. Bxg8 Rxg8 7. Nf3 Qxc2 8.
Nc3 Nc6 9. b3 Bb4 10. Ng5 Bxc3 11. Nxh7 Bxa1 12. Nf6+ Kf7 13. Nxg8 Qxc1+ 14. Qd1
Qxd1+ 15. Kxd1 Kxg8 16. Ke2 Bd4 17. f3 f4 18. g3 g5 19. gxf4 gxf4 20. h4 d6 21.
h5 Bd7 22. h6 Nb4 23. h7+ Kg7 24. a3 Bb5+ 25. Ke1 Nc2+ 26. Kd1 Nxa3 27. Kc1 Be2
28. Rh2 Bxf3 29. d3 Rh8 30. Kd2 Rxh7 31. Rxh7+ Kxh7 32. Ke1 Bh5 33. Kf1 f3 34.
b4 Nc2 35. b5 Bg4 36. b6 Bh3# 0-1

[Event "AUTO-INT-911"]
[Site "http://www.queenalice.com/game.php?id=406809"]
[Date "2008.5.22"]
[Round "1"]
[White "prof_zeco"]
[Black "maxtec5"]
[Result "1-0"]
[WhiteElo "1655"]
[BlackElo "1220"]

1. d4 e6 2. Bd2 Qh4 3. Nf3 Qf6 4. Nc3 Qe7 5. e4 Qb4 6. Nb5 Qxb2 7. Nxc7+ Kd8 8.
Nxa8 b6 9. Bf4 Bb4+ 10. Bd2 Bxd2+ 11. Nxd2 Qxd4 12. Bd3 Bb7 13. Nf3 Qc3+ 14. Nd2
Bxa8 15. O-O Nc6 16. Nc4 Nd4 17. Nd6 Nf6 18. Nxf7+ Ke7 19. Nxh8 Qc8 20. e5 Nd5
21. Ng6+ hxg6 22. Bxg6 Nf5 23. Bxf5 exf5 24. Re1 Nf4 25. Qd6+ Ke8 26. g3 Nh3+
27. Kf1 Qb7 28. Ke2 Qe4+ 29. Kd2 Qg4 30. Qb8+ Ke7 31. Qxa8 Qd4+ 32. Ke2 Qc4+ 33.
Kf3 Ng5+ 34. Kg2 Qg4 35. e6 Qh3+ 36. Kh1 f4 37. exd7+ 1-0

[Event "AUTO-INT-911"]
[Site "http://www.queenalice.com/game.php?id=406810"]
[Date "2008.5.22"]
[Round "1"]
[White "maxtec5"]
[Black "prof_zeco"]
[Result "0-1"]
[WhiteElo "1218"]
[BlackElo "1657"]

1. e3 Nc6 2. Qf3 e5 3. Bc4 Nf6 4. Nh3 d5 5. Bb5 Bd7 6. Nc3 e4 7. Qe2 Bg4 8. Qf1
Qd7 9. Bxc6 Qxc6 10. a4 a6 11. Ne2 Bc5 12. d4 Bd6 13. Ng5 h6 14. Nh3 O-O 15. Nc3
Bb4 16. Bd2 Bxc3 17. Bxc3 b5 18. axb5 Qxb5 19. Qxb5 axb5 20. Rxa8 Rxa8 21. Kd2
Nd7 22. b4 Nb6 23. Ra1 Rxa1 24. Bxa1 Nc4+ 25. Kc1 g5 26. Ng1 f5 27. h3 Bh5 28.
g3 Bf3 29. c3 h5 30. h4 gxh4 31. gxh4 Nd6 32. Nh3 Nf7 33. Nf4 c6 34. Nxh5 Bxh5
35. Kb2 Nh6 36. Kc2 Ng4 37. Kd2 Nxf2 38. Bb2 Kh7 39. Kc2 Kh6 0-1

[Event "AUTO-OPEN-1140"]
[Site "http://www.queenalice.com/game.php?id=406857"]
[Date "2008.5.23"]
[Round "1"]
[White "ender"]
[Black "maxtec5"]
[Result "1-0"]
[WhiteElo "2077"]
[BlackElo "1214"]

1. d4 e6 2. Nf3 Nh6 3. Bg5 Be7 4. Bxh6 gxh6 5. Qd2 d5 6. Qxh6 Qd6 7. c3 Qb6 8.
b3 Na6 9. e3 Bd7 10. Qg7 Rf8 11. Qxh7 c5 12. Be2 Bb5 13. Bd3 Bxd3 14. Qxd3 Rg8
15. g3 cxd4 16. exd4 f5 17. h4 Nc5 18. dxc5 1-0

[Event "AUTO-OPEN-1140"]
[Site "http://www.queenalice.com/game.php?id=406858"]
[Date "2008.5.23"]
[Round "1"]
[White "maxtec5"]
[Black "ender"]
[Result "0-1"]
[WhiteElo "1317"]
[BlackElo "2064"]

1. e3 d5 2. Nh3 Bxh3 3. gxh3 Nc6 4. Be2 Qd7 5. Bg4 e6 6. Qe2 O-O-O 7. d4 Nf6 8.
Qd3 h5 9. Bf3 e5 10. dxe5 Nxe5 11. Qe2 Qxh3 12. Qb5 Nxf3+ 13. Ke2 Qg4 14. Qa5
Ng1+ 15. Kf1 Qe2+ 16. Kg2 Rh6 17. Rxg1 Rg6+ 18. Kh3 Rxg1 19. Bd2 Qg4# 0-1

[Event "AUTO-OPEN-1140"]
[Site "http://www.queenalice.com/game.php?id=406879"]
[Date "2008.5.23"]
[Round "1"]
[White "grazo"]
[Black "maxtec5"]
[Result "1-0"]
[WhiteElo "1628"]
[BlackElo "1332"]

1. e4 e6 2. d4 Qh4 3. Bd3 Nc6 4. Nf3 Qf6 5. e5 Qd8 6. Bf4 Nb4 7. a3 Nd5 8. Bg3
Nh6 9. h3 Nf5 10. Bxf5 exf5 11. c4 Nb6 12. b3 d6 13. O-O Be7 14. exd6 Bxd6 15.
Re1+ Be7 16. Nc3 O-O 17. Ra2 Bd6 18. Bxd6 Qxd6 19. c5 Qf4 20. cxb6 cxb6 21. Nd5
Qd6 22. Ne7+ Kh8 23. Nxc8 Raxc8 24. g3 f4 25. g4 Rc3 26. d5 Rfc8 27. Ne5 Rc1 28.
Nxf7+ Kg8 29. Nxd6 Rxd1 30. Rxd1 Rc3 31. Nxb7 Rxh3 32. d6 Rh4 33. d7 Rxg4+ 34.
Kf1 Kf7 35. d8=Q Rh4 36. Qxh4 Kg6 37. Qg4+ Kf6 38. Rd6+ Ke7 39. Qe6+ Kf8 40.
Rd8# 1-0

[Event "AUTO-OPEN-1140"]
[Site "http://www.queenalice.com/game.php?id=406880"]
[Date "2008.5.23"]
[Round "1"]
[White "maxtec5"]
[Black "grazo"]
[Result "0-1"]
[WhiteElo "1328"]
[BlackElo "1666"]

1. e3 e5 2. Qh5 d6 3. Bc4 g6 4. Qd1 f5 5. Qf3 e4 6. Qe2 d5 7. Bb5+ c6 8. Ba4 b5
9. Bb3 a5 10. d3 a4 11. dxe4 axb3 12. cxb3 fxe4 13. Qc2 Bb4+ 14. Bd2 Bxd2+ 15.
Nxd2 Qg5 16. g3 Ne7 17. Nh3 Bxh3 18. Qc5 O-O 19. Nxe4 Qe5 20. Qb6 Qxe4 21. Rg1
Rxf2 22. Kxf2 Nd7 23. Qb7 Rf8+ 24. Ke2 Qc2+ 25. Ke1 Qf2+ 26. Kd1 Qxg1+ 27. Kc2
Qxa1 28. Qa7 Rf2+ 29. Kc3 Qxb2+ 30. Kb4 Qd2+ 31. Ka3 Qxa2+ 32. Kb4 c5+ 33. Qxc5
Nxc5 34. Kxc5 Rc2+ 35. Kd6 Kf7 36. Ke5 Qb2+ 37. Kd6 Qf6# 0-1

[Event "AUTO-OPEN-1140"]
[Site "http://www.queenalice.com/game.php?id=406891"]
[Date "2008.5.23"]
[Round "1"]
[White "Leijoto"]
[Black "maxtec5"]
[Result "1-0"]
[WhiteElo "1544"]
[BlackElo "1366"]

1. e4 e6 2. e5 Qg5 3. d4 Qh4 4. Nf3 Qe4+ 5. Be2 Qg4 6. O-O d6 7. Bb5+ Bd7 8. Be2
d5 9. Nc3 Qh5 10. Ng5 Qh6 11. Nxf7 Kxf7 12. Bxh6 gxh6 13. Bh5+ Ke7 14. Qf3 Nc6
15. Qf7+ Kd8 16. Qxf8+ Be8 17. Qxe8# 1-0

[Event "AUTO-OPEN-1140"]
[Site "http://www.queenalice.com/game.php?id=406892"]
[Date "2008.5.23"]
[Round "1"]
[White "maxtec5"]
[Black "Leijoto"]
[Result "0-1"]
[WhiteElo "1355"]
[BlackElo "1560"]

1. e3 e5 2. Qh5 e4 3. Qe5+ Qe7 4. Qxc7 Na6 5. Qc4 g6 6. Qc3 Nf6 7. Bxa6 bxa6 8.
d3 Bg7 9. d4 O-O 10. b3 Nd5 11. Qc4 Bb7 12. Nc3 Rac8 13. Qe2 Nxc3 14. Qd2 Qg5
15. g3 d5 16. h4 Qe7 17. Bb2 Qb4 18. Ne2 a5 19. Bxc3 Qb5 20. a4 Qd7 21. Bxa5 Qg4
22. Bb4 Ba6 23. Bxf8 Rxf8 24. Nf4 Rd8 25. Qd1 Qd7 26. Qd2 Rc8 27. Ne2 h5 28. Nc3
Rxc3 29. Qxc3 Qg4 30. Qa5 Qe2# 0-1